Score 0/36 Timer 03:00
1 Play Today
Hint Country % Correct
Largest AreaUnited States
99.7%
Most PopulousUnited States
99.7%
Least Densely PopulatedUnited States
99.6%
Most Internet UsersUnited States
99.6%
Highest Median AgeUnited States
99.6%
Largest AreaCanada
99.4%
Most PopulousCanada
99.4%
Least Densely PopulatedCanada
99.4%
Most Internet UsersCanada
99.4%
Largest AreaMexico
98.8%
Most PopulousMexico
98.7%
Most Internet UsersMexico
98.7%
Most AirportsMexico
96.9%
Highest Median AgeCanada
96.2%
Most AirportsCanada
95.9%
Most AirportsUnited States
95.7%
Highest GDP per CapitaCanada
95.4%
Highest GDP per CapitaUnited States
95%
Hint Country % Correct
Highest % of GDP to EducationCuba
88.5%
Highest Median AgeCuba
86.4%
Highest GDP per CapitaBahamas
77.1%
Highest % of GDP to EducationCosta Rica
75.5%
Highest % of GDP to EducationJamaica
75.3%
Most PopulousGuatemala
74.6%
Most Internet UsersDominican Republic
74.1%
Least Densely PopulatedBahamas
73.9%
Largest AreaNicaragua
72.7%
Most AirportsGuatemala
72.3%
Least Densely PopulatedBelize
71.2%
Highest % of GDP to EducationBelize
69.8%
Highest GDP per CapitaTrinidad and Tobago
63.2%
Highest Median AgeBarbados
62.3%
Smallest AreaSt. Kitts and Nevis
62%
Smallest AreaBarbados
61.8%
Smallest AreaSt. Vincent and the Grenadines
55.1%
Smallest AreaGrenada
53.2%
Remove Ads.
Support Sporcle.
Get the best of Sporcle when you Go Orange. This ad-free experience offers more features, more stats, and more fun while also helping to support Sporcle. Thank you for becoming a member.

You're not logged in!

Compare scores with friends on all Sporcle quizzes.
OR
Log In

Show Comments

Extras

Top Quizzes Today


Score Distribution

Your Account Isn't Verified!

In order to create a playlist on Sporcle, you need to verify the email address you used during registration. Go to your Sporcle Settings to finish the process.

Report this User

Report this user for behavior that violates our Community Guidelines.

Details: